00852nam a2200181Ia 450000500170000000800390001702000180005608200210007410000550009524500890015026000290023930000140026852002240028265000220050694200120052899900190054095201110055920260302160848.0260302s9999 xx 000 0 und d a9780415074621 a338.9105bBRI.40 aScience, British Library of Political and Economic 0aIbss: Political Science: 1991 / cScience, British Library of Political and Economic bPsychology Press, c1993 a554 pages aIBSS is the essential tool for librarians, university departments, research institutions and any public or private institution whose work requires access to up-to-date and comprehensive knowledge of the social sciences. aPolitical Science cENGLISH c616649d616649 00104070aACLbACLc4Ad2026-03-02l0o338.9105 BRI.40p258830r2026-03-02 16:08:48w2026-03-02yENGLISH